PHARMACOGNOSY OF ANIMAL DRUGS (Record no. 5780)

MARC details
000 -LEADER
fixed length control field 00388nam a22001577a 4500
005 - DATE AND TIME OF LATEST TRANSACTION
control field 20210828144343.0
008 - FIXED-LENGTH DATA ELEMENTS--GENERAL INFORMATION
fixed length control field 190326b xxu||||| |||| 00| 0 eng d
020 ## - INTERNATIONAL STANDARD BOOK NUMBER
ISBN 978-93-82448-00-6
041 ## - LANGUAGE CODE
Language code of text/sound track or separate title eng
100 ## - MAIN ENTRY--AUTHOR NAME
Personal name GOKHALE, S. B AND OTHERS
245 ## - TITLE STATEMENT
Title PHARMACOGNOSY OF ANIMAL DRUGS
250 ## - EDITION STATEMENT
Edition statement 3rd, 2018
260 ## - PUBLICATION, DISTRIBUTION, ETC. (IMPRINT)
Place of publication PUNE
Name of publisher NIRALI PRAKASHAN
300 ## - PHYSICAL DESCRIPTION
Number of Pages I.4p,
942 ## - ADDED ENTRY ELEMENTS (KOHA)
Koha item type Books
Holdings
Lost status Damaged status Collection code Home library Current library Shelving location Date acquired Source of acquisition Cost, normal purchase price Accession Number Koha item type
    Reference JRU Library JRU Library SHELF-3-B 26/03/2019 PURCHESS 150.00 22521 Books
    PHARMACY JRU Library JRU Library SHELF-19-C 26/03/2019 PURCHESS 150.00 22522 Books
    PHARMACY JRU Library JRU Library SHELF-19-C 26/03/2019 PURCHESS 150.00 22523 Books